U.S States, Australian States, Canadian Provinces - Statistics

General Stats
  • This quiz has been taken 246 times
  • The average score is 63 of 71
Answer Stats
Hint Answer % Correct
CA Ontario
94%
CA Alberta
93%
CA Quebec
92%
CA Yukon
92%
US Alabama
91%
US Arizona
91%
CA British Columbia
91%
US California
91%
US Colorado
91%
US Florida
91%
US Idaho
91%
US Mississippi
91%
AU Victoria
91%
US Maine
90%
US Nevada
90%
CA Newfoundland and Labrador
90%
US New Hampshire
90%
US North Carolina
90%
US North Dakota
90%
CA Nova Scotia
90%
CA Saskatchewan
90%
US South Carolina
90%
US South Dakota
90%
US Texas
90%
US Vermont
90%
US Washington
90%
US Wyoming
90%
US Alaska
89%
US Connecticut
89%
US Delaware
89%
US Georgia
89%
US Hawaii
89%
US Kansas
89%
US Louisiana
89%
CA Manitoba
89%
US Massachusetts
89%
US Michigan
89%
US Minnesota
89%
US Montana
89%
US Nebraska
89%
US New Mexico
89%
US New York
89%
US Ohio
89%
US Oklahoma
89%
US Oregon
89%
CA Prince Edward Island
89%
AU Western Australia
89%
US Arkansas
88%
US Illinois
88%
US Indiana
88%
AU Tasmania
88%
US Iowa
87%
US Kentucky
87%
US Maryland
87%
US Missouri
87%
US New Jersey
87%
AU New South Wales
87%
CA Northwest Territories
87%
US Pennsylvania
87%
US Rhode Island
87%
US Utah
87%
US Virginia
87%
US West Virginia
87%
CA Nunavut
86%
AU Queensland
86%
US Tennessee
86%
US Wisconsin
85%
AU South Australia
84%
CA New Brunswick
83%
AU Northern Territory
83%
AU Australian Capital Territory
72%
No matching quizzes found
Score Distribution
Percent of People with Each Score
Percentile by Number Answered
Your Score History
You have not taken this quiz